000 00590nam a2200217Ia 4500
003 OSt
005 20220918191942.0
006 a|||||r|||| 00| 0
007 ta
008 220917b |||||||| |||| 00| 0 eng d
024 _a66,116
037 _cTextual
040 _aARTS
_cARTS
_beng
041 _2eng
_aeng
082 _aR2, M3
100 _aWillard Charled Arthur
_977828
245 0 _aArgumentation and the social grounds of knowledge
260 _aAlabama
_bUniv Of Alabama
_c1983
942 _hR2, M3
_cTEXL
_2CC
999 _c192350
_d192350